Fr. Conceicao Rodrigues College of Engineering

Copper and Bronze Welding (Record no. 32923)

MARC details
000 -LEADER
fixed length control field 00282nam a2200133Ia 4500
082 ## - DEWEY DECIMAL CLASSIFICATION NUMBER
Classification number 621.9
Item number KIL
100 ## - MAIN ENTRY--PERSONAL NAME
Personal name Kilburn/W.L
245 ## - TITLE STATEMENT
Title Copper and Bronze Welding
260 ## - PUBLICATION, DISTRIBUTION, ETC.
Name of publisher, distributor, etc. British Oxygen co.
Place of publication, distribution, etc. London
300 ## - PHYSICAL DESCRIPTION
Extent 156
546 ## - LANGUAGE NOTE
Language note ENGLISH
654 ## - SUBJECT ADDED ENTRY--FACETED TOPICAL TERMS
Focus term copper
942 ## - ADDED ENTRY ELEMENTS (KOHA)
Koha item type BOOK
Holdings
Withdrawn status Lost status Damaged status Not for loan Collection Home library Current library Shelving location Date acquired Total Checkouts Full call number Barcode Date last seen Price effective from Koha item type
        ITI Fr. Agnel's C.Rodrigues College of Engineering Fr. Agnel's C.Rodrigues College of Engineering   17/03/2023   621.9 KIL ITI415 17/03/2023 17/03/2023 BOOK